00491nam a22001337a 4500003000700000005001700007008004100024082002900065100007100094245009100165260006700256300000800323650002600331MPLRDC20220104142802.0210129b ||||| |||| 00| 0 eng d a051.4 K1XR v.19 1982 c.2 a吉隆坡循人中学高中第十九届毕业特刊编辑委员会 a一九八二年度吉隆坡循人中学高中第十九初中第廿六届毕业特刊c ab吉隆坡循人中学高中第十九届毕业筹委会c1982 b精 a学术纪要、学刊